Quizzes
Events
Quiz Creation
Community
Videos
Private Events
Remove Ads
Sign In
Join for FREE
Feedback
Dark Mode
Quiz Categories
Sports
Geography
Music
Movies
Television
Just For Fun
Miscellaneous
History
Literature
Language
Science
Gaming
Entertainment
Religion
Holiday
For Kids
Quiz Lab
Recent
Popular Today
Quiz Kudos Today
Editor Picks
Curator Picks
Quizzes by...
Day
Popularity
Type
Ratings
Length
Year
Community
Subscriptions
Recent Discussions
Orange Saloon
Badges
Playlists
Quests
Create
Leaderboards
Showdown
Live 5
Trivia Bingo
Activity
Puzzle Library
Sporcle Events
Private Events
Virtual Trivia
Globe League
Become a Host
Pub Owners
SporcleCon
Opinionation
Our Games
Videos
Blog
Mobile Apps
Partnerships
Remove Ads and Go Orange
Feedback
Geography
Country
Landmarks
City
State
Population
World
Capital
Continent
Flags
Europe
Africa
Asia
South America
North America
Oceania
Border
Canada
United Kingdom
Topography
United States
Geography
Country
Landmarks
City
State
Population
World
Capital
Continent
Flags
Europe
Africa
Asia
South America
North America
Oceania
Border
Canada
United Kingdom
Topography
United States
Random Quiz
Search Sporcle
×
Quiz Lab
Quiz Lab
Geography
montana
Type in answers that appear in a list
Type in answers that appear in a list
Classic
Best Score? Go Orange.
2-digit Montana Interstate Counties Stats
Can you name the 2-digit Interstate Counties of Montana?
By
basketm19
3m
30 Questions
52 Plays
52 Plays
52 Plays
Comments
Comments
Give Quiz Kudos
Give Quiz Kudos
-
- Ratings
hide this ad
Replay
Link that replays current quiz
Next Quiz
Link to next quiz in quiz playlist
You Got
0%
They Got
Avg Score
63%
Avg Friend Score
Upgrade to see
Score Distribution
Jump to the score distribution portion of the page
Score
0/30
Timer
03:00
0
Plays Today
Interstate
County
% Correct
I-
15
Silver Bow
84.6%
I-
90
Silver Bow
84.6%
I-
90
Yellowstone
82.7%
I-
94
Yellowstone
82.7%
I-
15
Jefferson
80.8%
I-
90
Missoula
80.8%
I-
90
Jefferson
80.8%
I-
90
Gallatin
78.8%
I-
15
Lewis and Clark
76.9%
I-
15
Beaverhead
69.2%
I-
90
Deer Lodge
69.2%
I-
15
Madison
65.4%
I-
15
Cascade
65.4%
I-
94
Custer
63.5%
I-
90
Broadwater
61.5%
Interstate
County
% Correct
I-
90
Park
61.5%
I-
90
Big Horn
61.5%
I-
90
Sweet Grass
57.7%
I-
94
Wibaux
57.7%
I-
15
Teton
55.8%
I-
90
Powell
55.8%
I-
90
Granite
53.8%
I-
90
Stillwater
53.8%
I-
90
Mineral
51.9%
I-
94
Rosebud
51.9%
I-
94
Treasure
50%
I-
94
Dawson
48.1%
I-
15
Toole
46.2%
I-
94
Prairie
46.2%
I-
15
Pondera
40.4%
Quiz Playlist
Details
Report
Send in Message
Add To Playlist
Classic:
Type in answers that appear in a list
Last Updated: Feb 16, 2017
Quiz Scoreboard
CHALLENGE
Sign Up to Join the Scoreboard
Show All
Scores
Hide
Comments
May contain spoilers
Recently Published
Popular People in 1961
by mucciniale
History
6m
1-10 Letter E Words III
by El_Dandy
Language
2m
One Thing in Common: World Cities II
by knightlancer
Geography
7m
More to Explore
Quiz From the Vault
Featured Blog Post
Where Did the Easter Bunny Come From?
hide this ad
You Might Also Like...
Tags
2-digit
counties
Interstate Highway
montana
Today's Top Quizzes in Geography
Browse Geography
hide this ad
Top Contributed Quizzes in Geography
1
Countries of the World - No Outlines Minefield
2
African Flag Reveal XLV
3
Top 25 Cities of France on a map
4
Closest Countries to UK A-Z
5
Blind Secret Country CLXXXVIII
6
Find the US States - No Outlines
7
One Thing in Common: Asia
8
Blind Ultimate Minefield: Asia
9
30 Pics in 60: Landmark Cities
10
Find the States of India (Picture Click)
Explore More
Trending Topics
Crossword
Kpop
Marvel
Anime
Disney
NBA
Harry Potter
Country
Song
The Office
Soccer
Puzzle
Pokémon
NFL
WWE
hide this ad
More By:
basketm19
Quiz
Plays
Rating
Category
Featured
Created
2-digit Georgia's Interstate Counties
699
4.20
Geography
Mar 8, 2010
Georgia's Most Populated Counties
693
3.67
Geography
Mar 4, 2010
Tennessee's Largest Cities
688
5.00
Geography
Jan 8, 2010
2-digit Ohio Interstate Counties
511
4.33
Geography
Jun 6, 2010
North Carolina's most populous counties
507
3.00
Geography
Mar 5, 2010
Go to Creator's Profile
Score Distribution
Quiz Creator Spotlight
basketm19
Follow
Send a Message
Quizzes Created
-
Created Quiz Play Count
-
More By This Creator
Popular Quizzes Today
1
Find the US States - No Outlines Minefield
2
The Countries of the World
3
Popular People in 1961
4
Find the Countries of Europe - No Outlines Minefield
5
1-10 Letter E Words III
6
Find the US States
7
One Thing in Common: World Cities II
8
US States
More Geography Quizzes
Where's the Canadian City (BC and the Territories)
Curator's Pick
Trending Quizzes
Country Music Stars Doing Things
Get the Picture: Carrie or Dolly
1-10 Letter F Words
1-10 Letter G Words
Risky Map Clicking: Next State Alphabetically
Recently Updated
Leaping Animals
pecheneg
Reality TV Shows (A-Z)
bhenderson79
Rickey Henderson's Hall of Fame Teammates
pecheneg
Champions League XIs: Arsenal
pecheneg
Quick Pick: Celebrities in WWE's Hall of Fame
aduchscher
A-Z Keypad Blitz II
pecheneg
Multiple Oscar Actors
pecheneg
Mystery Phrase Blitz: Oscar 'Best Actors'
pecheneg
F. Scott Fitzgerald Novels
LTH
Pick 3 Villains
ddd62291
Trending Topics
Crossword
Marvel
Anime
Kpop
NBA
Harry Potter
Disney
Puzzle
NFL
Soccer
WWE
Country
Song
The Office
Pokémon
Your Account Isn't Verified!
In order to create a playlist on Sporcle, you need to verify the email address you used during registration. Go to your
Sporcle Settings
to finish the process.
Report this User
Report this user for behavior that violates our
Community Guidelines
.
Details:
Send Report
Go to the Sporcle.com Mobile Site →
Comments